Logic học biện chứng
Đề cập đến sự xuất hiện của logic học biện chứng. Trình bày 1 số vấn đề của học thuyết biện chứng Mac - Leenin; phép biện chứng và thời đại
Đã lưu trong:
| Tác giả chính: | |
|---|---|
| Định dạng: | Sách |
| Năm xuất bản: |
H.
Văn hoá thông tin
2003
|
| Chủ đề: | |
| Tags: |
Thêm thẻ
Không có thẻ, Hãy là người đầu tiên gắn thẻ bản ghi này!
|
| LEADER | 01331nam a2200205 4500 | ||
|---|---|---|---|
| 082 | |a 160 |b I300L | ||
| 100 | |a Iencôv | ||
| 245 | |a Logic học biện chứng |c Iencôv, Nguyễn Anh Tuấn dịch | ||
| 260 | |a H. |b Văn hoá thông tin |c 2003 | ||
| 300 | |a 629 tr. |c 19 cm | ||
| 520 | |a Đề cập đến sự xuất hiện của logic học biện chứng. Trình bày 1 số vấn đề của học thuyết biện chứng Mac - Leenin; phép biện chứng và thời đại | ||
| 653 | |a Logic biện chứng | ||
| 653 | |a Logic học | ||
| 942 | |2 ddc |c STK0 | ||
| 999 | |c 8358 |d 8358 | ||
| 952 | |0 0 |1 0 |2 ddc |4 0 |6 160_000000000000000_I300L |7 0 |8 100 |9 69897 |a qbu |b qbu |c D2 |d 2015-04-06 |g 62000 |o 160 I300L |p 7538.c1 |r 0000-00-00 |w 2015-04-06 |y STK0 | ||
| 952 | |0 0 |1 0 |2 ddc |4 0 |6 160_000000000000000_I300L |7 0 |8 100 |9 69898 |a qbu |b qbu |c D2 |d 2015-04-06 |g 62000 |o 160 I300L |p 7538.c2 |r 0000-00-00 |w 2015-04-06 |y STK0 | ||
| 952 | |0 0 |1 0 |2 ddc |4 0 |6 160_000000000000000_I300L |7 0 |8 100 |9 69899 |a qbu |b qbu |c D2 |d 2015-04-06 |g 62000 |o 160 I300L |p 7538.c3 |r 0000-00-00 |w 2015-04-06 |y STK0 | ||
| 952 | |0 0 |1 0 |2 ddc |4 0 |6 160_000000000000000_I300L |7 0 |8 100 |9 69900 |a qbu |b qbu |c D2 |d 2015-04-06 |g 62000 |o 160 I300L |p 7538.c4 |r 0000-00-00 |w 2015-04-06 |y STK0 | ||
| 952 | |0 0 |1 0 |2 ddc |4 0 |6 160_000000000000000_I300L |7 0 |8 100 |9 69901 |a qbu |b qbu |c D2 |d 2015-04-06 |g 62000 |o 160 I300L |p 7538.c5 |r 0000-00-00 |w 2015-04-06 |y STK0 | ||